Handbook of applied optimization
Gespeichert in:
| Hauptverfasser: | , |
|---|---|
| Format: | Buch |
| Sprache: | Englisch |
| Veröffentlicht: |
Nueva York
Oxford University
2002
|
| Ausgabe: | 1a. ed |
| Schlagworte: | |
| Tags: |
Tag hinzufügen
Keine Tags, Fügen Sie den ersten Tag hinzu!
|
MARC
| LEADER | 00000cam a2200000 a 4500 | ||
|---|---|---|---|
| 001 | UCK3002 | ||
| 003 | CL-VaPUC | ||
| 008 | 050401e20020000US |||||||||||||||||eng|d | ||
| 020 | |a 0195125940 | ||
| 082 | 0 | 4 | |a 658.152 |b PAR |2 21 |
| 100 | |a Pardalos, Panos M. |e author |9 491002 | ||
| 700 | 0 | |a Resende, Mauricio G. C |e author |9 491003 | |
| 245 | 1 | 0 | |a Handbook of applied optimization |
| 250 | |a 1a. ed | ||
| 300 | |a 1095 p | ||
| 942 | |c BK | ||
| 945 | |d 20050401 00:00:00 |a cmena | ||
| 260 | |a Nueva York |b Oxford University |c 2002 | ||
| 650 | 0 | |a Optimización |9 339671 | |
| 650 | 0 | |a Ingeniería industrial |9 260973 | |
| 650 | 0 | |a Modelos matemáticos |9 259437 | |
| 650 | 0 | |a Software |9 387312 | |
| 583 | |a last modification |c 20180320 09:29:23 |k Rodrigo Vera | ||
| 999 | |c 312351 |d 312349 | ||
| 952 | |0 0 |1 0 |4 0 |6 658_152000000000000_PAR_2002 |7 0 |8 A |9 382513 |a BIBING |b BIBING |d 2019-11-21 |i 4107047 |o 658.152 PAR 2002 |p 4107047 |r 2025-01-20 |w 2019-11-21 |y BK |k CCI | ||
| 952 | |0 0 |1 0 |3 erd |4 0 |6 658_152000000000000_PAR_2002 |7 0 |8 A |9 382514 |a BIBING |b BIBING |i 5459486 |o 658.152 PAR 2002 |p 5459486 |r 2025-01-20 |w 2019-11-21 |y BK |z Catalogado en:20180323 |k CCI | ||